000 00386nam a2200157Ia 4500
008 221030s9999 xx 000 0 und d
020 _a8174461957
041 _aEnglish
082 _a105.23
_bBis
100 _aB. Bishop
245 0 _aStartegic Marketing for the Digital Age
_cby B. Bishop
260 _bExcel Books
_aIndia
_c1998
300 _a252
650 _aManagement
942 _cBK
999 _c437
_d437